<?xml version="1.0" encoding="UTF-8"?>
<collection xmlns="http://www.loc.gov/MARC21/slim">
<record>
  <controlfield tag="001">171642</controlfield>
  <controlfield tag="005">20260527123126.0</controlfield>
  <datafield tag="024" ind1="7" ind2=" ">
    <subfield code="2">doi</subfield>
    <subfield code="a">10.18103/mra.v14i4.7486</subfield>
  </datafield>
  <datafield tag="024" ind1="8" ind2=" ">
    <subfield code="2">sideral</subfield>
    <subfield code="a">149378</subfield>
  </datafield>
  <datafield tag="037" ind1=" " ind2=" ">
    <subfield code="a">ART-2026-149378</subfield>
  </datafield>
  <datafield tag="041" ind1=" " ind2=" ">
    <subfield code="a">eng</subfield>
  </datafield>
  <datafield tag="100" ind1=" " ind2=" ">
    <subfield code="a">Moreno Djadou, Teresa</subfield>
    <subfield code="u">Universidad de Zaragoza</subfield>
  </datafield>
  <datafield tag="245" ind1=" " ind2=" ">
    <subfield code="a">Laparoscopic cytoreductive surgery and hyperthermic intraperitoneal chemotherapy in gastrointestinal malignancy</subfield>
  </datafield>
  <datafield tag="260" ind1=" " ind2=" ">
    <subfield code="c">2026</subfield>
  </datafield>
  <datafield tag="520" ind1="3" ind2=" ">
    <subfield code="a">Background: We aimed to evaluate laparoscopic cryoreductive surgery/hyperthermic intraperitoneal chemotherapy for patients with gastrointestinal malignancy and peritoneal carcinomatosis.
Methods: This is a single surgeon case series of laparoscopic HIPEC procedures from 2013-2018. Inclusion criteria were diagnosis of GI malignancy with PC or high risk of developing PC after primary tumor resection. Outcomes analyzed included completeness of cytoreduction (CC), postoperative complications, and mortality.
Results: Three patients with GI malignancy underwent laparoscopic HIPEC [2 males, 1 female; median age: 43 (20-50) years]. Mean BMI was 21.7 +- 1.3 kg/m2 and none had major comorbidities; one patient received preoperative chemotherapy. Two patients had mucinous appendiceal cystoadenocarcinoma and one had cecal adenocarcinoma. Two patients underwent right hemicolectomy with ileocolic anastomosis and one underwent total colectomy with ileorectal anastomosis. All patients had intraperitoneal peritoneal cancer index (PCI) scores &amp;lt;10 with completeness of cytoreduction (CC = 0 or 1). Mitomycin C was the chemotherapy agent used in all procedures. Median operative time was 7.5 (6.1-9.9) hours. There were no major intra/postoperative complications. Median length of stay was 4 (3-5) days. Mean overall survival was 31 (6-66) months with no mortality. One recurrence was detected at median follow-up of 19 (6-50) months.
Conclusions: CS and HIPEC is associated with significant morbidity and mortality; laparoscopic CRS/HIPEC for GI malignancy may be feasible and safe in highly selected patients.</subfield>
  </datafield>
  <datafield tag="506" ind1="0" ind2=" ">
    <subfield code="a">Access copy available to the general public</subfield>
    <subfield code="f">Unrestricted</subfield>
  </datafield>
  <datafield tag="540" ind1=" " ind2=" ">
    <subfield code="9">info:eu-repo/semantics/openAccess</subfield>
    <subfield code="a">by</subfield>
    <subfield code="u">https://creativecommons.org/licenses/by/4.0/deed.es</subfield>
  </datafield>
  <datafield tag="655" ind1=" " ind2="4">
    <subfield code="a">info:eu-repo/semantics/article</subfield>
    <subfield code="v">info:eu-repo/semantics/publishedVersion</subfield>
  </datafield>
  <datafield tag="710" ind1="2" ind2=" ">
    <subfield code="1">1013</subfield>
    <subfield code="2">090</subfield>
    <subfield code="a">Universidad de Zaragoza</subfield>
    <subfield code="b">Dpto. Cirugía</subfield>
    <subfield code="c">Área Cirugía</subfield>
  </datafield>
  <datafield tag="773" ind1=" " ind2=" ">
    <subfield code="g">14, 4 (2026), [9 pp.]</subfield>
    <subfield code="p">Med. res. arch.</subfield>
    <subfield code="t">Medical research archives</subfield>
    <subfield code="x">2375-1916</subfield>
  </datafield>
  <datafield tag="856" ind1="4" ind2=" ">
    <subfield code="s">421334</subfield>
    <subfield code="u">http://zaguan.unizar.es/record/171642/files/texto_completo.pdf</subfield>
    <subfield code="y">Versión publicada</subfield>
  </datafield>
  <datafield tag="856" ind1="4" ind2=" ">
    <subfield code="s">2223072</subfield>
    <subfield code="u">http://zaguan.unizar.es/record/171642/files/texto_completo.jpg?subformat=icon</subfield>
    <subfield code="x">icon</subfield>
    <subfield code="y">Versión publicada</subfield>
  </datafield>
  <datafield tag="909" ind1="C" ind2="O">
    <subfield code="o">oai:zaguan.unizar.es:171642</subfield>
    <subfield code="p">articulos</subfield>
    <subfield code="p">driver</subfield>
  </datafield>
  <datafield tag="951" ind1=" " ind2=" ">
    <subfield code="a">2026-05-27-11:25:37</subfield>
  </datafield>
  <datafield tag="980" ind1=" " ind2=" ">
    <subfield code="a">ARTICLE</subfield>
  </datafield>
</record>
</collection>